Statistics for Chicago Cubs 2016 champs quiz

Click here to take the quiz!

General Stats

  • This quiz has been taken 110 times
  • The average score is 7 of 9

Answer Stats

Hint Answer % Correct
The final out in the World Series was a ground ball to..Kris Bryant
99%
This player hit a homerun in his final MLB game (game 7)David Ross
97%
Ben zobrist hit a game-changing rbi single in what inning?10th
91%
This player lead off Game 7 of the 2016 World Series with a homerunDexter Fowler
90%
The pitcher who pitched the last out in the World Series was..Mike Montgomery
83%
This player lead off the 5th inning of game 7 of the World Series with a homerunJavier Baez
65%
This player had an RBI single in the 10th innningMiguel Montero
65%
This was the Indians player who grounded out to end the World Series..Michael Martinez
45%
Anthony Rizzo gave the last out ball in the World Series to...Tom Ricketts
26%

Score Distribution

Percentile by Number Answered

Percent of People with Each Score

Your Score History

You have not taken this quiz